Žurnalistika údajov a ekonomika

Žurnalistika údajov a komercionalizácia. Matematika. Aplikácie. Žurnalistika údajov.

Na minha lista:
Detalhes bibliográficos
Autor principal: Bačišin, Vladimír
Formato: Capítulo de Livro
Idioma:eslovaco
Assuntos:
Tags: Adicionar Tag
Sem tags, seja o primeiro a adicionar uma tag!

MARC

LEADER 00000nla a2200000 4500
001 0197663
005 20240417075053.5
041 0 |a slo 
044 |a SK 
245 1 0 |a Žurnalistika údajov a ekonomika  |c Vladimír Bačišin 
520 |a Žurnalistika údajov a komercionalizácia. Matematika. Aplikácie. Žurnalistika údajov. 
610 2 0 |a žurnalistika 
610 2 0 |a matematika 
610 2 0 |a informácie 
610 2 0 |a dáta 
100 1 |a Bačišin, Vladimír